<?xml version='1.0' encoding='UTF-8'?>
  <record xmlns="http://www.loc.gov/MARC21/slim">
    <leader>00000cac a2200000 i 4500</leader>
    <controlfield tag="001">ocn946977722</controlfield>
    <controlfield tag="003">OCoLC</controlfield>
    <controlfield tag="005">20220120092159.5</controlfield>
    <controlfield tag="008">160420s1733    xx a          000 u fre d</controlfield>
    <datafield tag="040" ind1=" " ind2=" ">
      <subfield code="a">QGJ</subfield>
      <subfield code="b">dut</subfield>
      <subfield code="c">QGJ</subfield>
      <subfield code="d">OCLCQ</subfield>
    </datafield>
    <datafield tag="035" ind1=" " ind2=" ">
      <subfield code="a">(OCoLC)946977722</subfield>
    </datafield>
    <datafield tag="245" ind1="0" ind2="3">
      <subfield code="a">Le Tombeau du B. François de Paris, Diacre de l'église de Paris, mort le 1.er may 1727, illustré par des miracles sans nombre et des conversions éclatantes.</subfield>
    </datafield>
    <datafield tag="260" ind1=" " ind2=" ">
      <subfield code="a">[S.l.] :</subfield>
      <subfield code="b">[s.n.],</subfield>
      <subfield code="c">[ca. 1733]</subfield>
    </datafield>
    <datafield tag="300" ind1=" " ind2=" ">
      <subfield code="a">[11] bl. pl. :</subfield>
      <subfield code="b">ill. ;</subfield>
      <subfield code="c">28 x 43 cm</subfield>
    </datafield>
    <datafield tag="336" ind1=" " ind2=" ">
      <subfield code="a">tekst</subfield>
      <subfield code="b">txt</subfield>
      <subfield code="2">rdacontent/dut</subfield>
    </datafield>
    <datafield tag="337" ind1=" " ind2=" ">
      <subfield code="a">zonder medium</subfield>
      <subfield code="b">n</subfield>
      <subfield code="2">rdamedia/dut</subfield>
    </datafield>
    <datafield tag="505" ind1="1" ind2=" ">
      <subfield code="a">[1.] [Titelpagina] -- [2.] Marie Carterie (2 exemplaren)  -- [3.] La Demoiselle Coirin -- [4.] Marie Anne Couronneau -- [ 5.]  Marguerite Françoise Du Chêne (2 exemplaren)  -- [6.]  Pierre Gautier de Pénezas -- [7.]  La D.lle Hardouin -- [8.] Dom Alphonse de Palacios -- [9.] Philippe Sergent (2 exemplaren) -- [10.] La Dame Stapart -- [11.] La Demoiselle Thibaut (2 exemplaren).</subfield>
    </datafield>
    <datafield tag="500" ind1=" " ind2=" ">
      <subfield code="a">Datering: na 22 april 1733: datum van meest recente genezing  (Pierre Gautier de Pénezas).</subfield>
    </datafield>
    <datafield tag="588" ind1=" " ind2=" ">
      <subfield code="a">Titel ontleend aan eerste gravure.</subfield>
    </datafield>
    <datafield tag="520" ind1=" " ind2=" ">
      <subfield code="a">Gravures met onderschriften betreffende wonderlijke genezingen bij het graf van François Paris. Iedere genezing wordt verbeeld door twee gravures: één geeft de toestand van de patiënt weer vóór de genezing, de ander na de genezing. Het merendeel van de gravures is ook gepubliceerd in: Montgeron, Louis Basile Carré de. La verité des miracles operés par l'intercession de M. de Pâris, demontrée contre M. l'Archevêque de Sens.</subfield>
    </datafield>
    <datafield tag="600" ind1="1" ind2="4">
      <subfield code="a">Paris, François,</subfield>
      <subfield code="d">1690-1727.</subfield>
    </datafield>
  </record>